Participación de las organizaciones no gubernamentales en los programas sociales en el Estado Zulia en la década de los 90' /

El objetivo de este trabajo es analizar el significado, las características y el alcance de la participación social de las organizaciones no gubernamentales en los programas sociales públicos en Venezuela en la década de los noventa, específicamente, el caso del programa social de multihogares de cu...

ver descrição completa

Na minha lista:
Detalhes bibliográficos
Autor principal: Rodríguez López, Judith
Formato: Texto
Assuntos:
Tags: Adicionar Tag
Sem tags, seja o primeiro a adicionar uma tag!

MARC

LEADER 00000 a a2200000 04500
001 15415
003
040
100 |a Rodríguez López, Judith  
245 |a Participación de las organizaciones no gubernamentales en los programas sociales en el Estado Zulia en la década de los 90' /  |c Judith Rodríguez López 
520 |a El objetivo de este trabajo es analizar el significado, las características y el alcance de la participación social de las organizaciones no gubernamentales en los programas sociales públicos en Venezuela en la década de los noventa, específicamente, el caso del programa social de multihogares de cuidado diario. Como resultados se plantea que la participación de las organizaciones no gubernamentales, se remite a la gestión operativa del programa objeto de estudio. Según el autor, estas organizaciones influyen en el proceso de decisión referente a la ejecución del programa, pero el Estado tiene en definitiva el poder de decidir. Se caracteriza entonces el papel del Estado y del Ministerio de Salud y de Desarrollo Social   |a el asignamiento de recursos junto al esquema de funcionamiento del programa, alcance y nivel de inversión  
650 |a ORGANIZACIONES NO GUBERNAMENTALES  
650 |a PARTICIPACION SOCIAL  
650 |a PROGRAMAS DE DESARROLLO  
650 |a PLANIFICACION SOCIAL  
650 |a VENEZUELA  
773 |g volumen 7, número 3; páginas 478-495  
999 |c 28747  |d 28747